00501cam a2200157 a 450000100100000000500170001000800410002703500190006804000300008705000170011708200140013410000210014824500950016926000560026430000230032000001514920200929163952.0800802s1973 ag 000 0 spa  a(DLC) 80128055 aDO-SdBNPbspacBNPHUdDLC00aMLCS 80/1693 annbL695m1 aLibert, Samuel O10aMas allá de lo imposible :bla iglesia local evangelizando al mundo /cSamuel O. Libert. aArgentina :bCasa Bautista de Publicaciones,c1973. a112 p. ; :b21 cm.